000 00659nam a22001937a 4500
005 20250307152548.0
010 _aENG-143994
020 _a9789387865181
_c200.00
035 _aEN-127526
037 _bDBAD
082 _a691.3
100 _aAnbuchezian, A.
_979413
245 _aA Textbook on Design of Reinformed Concrete and Brick Masonry Structures/
_cby A. Anbuchezian [and] S. Satish Kumar
260 _aChennai
_bForschung Publications
_c2019
270 _aMogappair
_bChennai
_k9626166683
_mforchungpublications@gmail.com
300 _a72p.
_c23cm(pb)
700 _a S. Satish Kumar
_eAuthor
_979414
942 _2ddc
_cEN
_h691.3
_mANB
999 _c210176
_d210176